00334nam a2200121Ia 4500008004100000040001700041041001200058082001600070100001500086245005700101260003800158300001600196230917s9999||||xx |||||||||||||| ||und|| e188165aMAIN aEnglish a363.2 G346P aGhosh, S K 0aPowers and discipline for police and security forces aCalcuttabEastern Law Housec1971 axxi, 306 p.